|
|
|
|
| LEADER |
00000cam a2200000 a 4500 |
| 001 |
85561 |
| 005 |
20230308170950.0 |
| 008 |
000000|1987 ||||||||r|||||||||||spa|| |
| 020 |
|
|
|a 9586011313
|
| 040 |
|
|
|b spa
|
| 041 |
1 |
|
|a spa
|
| 082 |
0 |
|
|a 923
|
| 100 |
1 |
|
|a Arciniegas, Germán.
|d 1900-1999
|9 9149
|
| 245 |
1 |
1 |
|a Bolívar el hombre de la gloria
|c Germán Arciniégas
|h imp
|
| 264 |
|
|
|a Bogotá
|b Ediciones Tercer Mundo
|c 1987
|
| 300 |
|
|
|a 142 páginas:
|c 17 cm
|
| 650 |
1 |
|
|a Bolivar
|9 7378
|
| 650 |
1 |
|
|a Simon bolivar
|9 5434
|
| 852 |
|
|
|a UC-CDJBV
|c TERCER PISO
|f Donación
|k guillermina.martinez
|l 1
|m General
|p 00000000
|q 1,995
|r 2
|t 85561
|b 0
|d CDRC
|e CDRC
|g 923 TERCER PISO
|z 0000-00-00
|
| 942 |
|
|
|c BK
|
| 999 |
|
|
|c 34390
|d 34390
|